Man's role in changing the face of the earth / (Record no. 23380)
[ view plain ]
| 000 -LEADER | |
|---|---|
| fixed length control field | 01126cam a2200265 i 4500 |
| 001 - CONTROL NUMBER | |
| control field | 23380 |
| 003 - CONTROL NUMBER IDENTIFIER | |
| rucl marc code | BD-RjUL |
| 005 - DATE AND TIME OF LATEST TRANSACTION | |
| control field | 20211209000925.0 |
| 008 - FIXED-LENGTH DATA ELEMENTS--GENERAL INFORMATION | |
| fixed length control field | 140310s1956 iluab b 00110 eng d |
| 020 ## - INTERNATIONAL STANDARD BOOK NUMBER | |
| International Standard Book Number | 0226796043 (v. 1) : |
| International Standard Book Number | 0226796051 (v. 2) : $4.75 |
| 035 ## - SYSTEM CONTROL NUMBER | |
| System control number | (BD-RjUL)23445 |
| 040 ## - CATALOGING SOURCE | |
| Original cataloging agency | NSbSU |
| Transcribing agency | NSbSU |
| Modifying agency | CtY |
| -- | BD-RjUL |
| Language of cataloging | eng |
| 041 ## - LANGUAGE CODE | |
| Language code of text/sound track or separate title | eng |
| 082 ## - DEWEY DECIMAL CLASSIFICATION NUMBER | |
| Classification number | 911 |
| Author mark and year | MAN 1956 |
| 090 ## - LOCALLY ASSIGNED LC-TYPE CALL NUMBER (OCLC); LOCAL CALL NUMBER (OCLC) | |
| Classification number (OCLC) (R) ; Classification number, CALL (RLIN) (NR) | G56 |
| Local cutter number (OCLC) ; Book number/undivided call number, CALL (RLIN) | .I58 1955B (LC) |
| 111 2# - MAIN ENTRY--MEETING NAME | |
| Meeting name or jurisdiction name as entry element | International Symposium on Man's Role in Changing the Face of the Earth |
| Date of meeting | (1955 : |
| Location of meeting | Princeton, N.J.) |
| 9 (RLIN) | 72014 |
| 245 10 - TITLE STATEMENT | |
| Title | Man's role in changing the face of the earth / |
| Statement of responsibility, etc. | edited by William L. Thomas, Jr. ; with the collaboration of Carl O. Sauer, Marston Bates and Lewis Mumford. |
| 260 0# - PUBLICATION, DISTRIBUTION, ETC. (IMPRINT) | |
| Place of publication, distribution, etc. | Chicago : |
| Name of publisher, distributor, etc. | Published for the Wenner-Gren Foundation for Anthropological Research and the National Science Foundation by the University of Chicago Press, |
| Date of publication, distribution, etc. | c1956. |
| 300 ## - PHYSICAL DESCRIPTION | |
| Pagination | xxxviii ,1193 p. : |
| Illustrations | ill., maps ; |
| Size | 25 cm. |
| 490 0# - SERIES STATEMENT | |
| Series statement | A Phoenix book ; |
| Volume/sequential designation | P390, P391 |
| 650 #0 - SUBJECT ADDED ENTRY--TOPICAL TERM | |
| Topical term or geographic name as entry element | Anthropo-geography |
| General subdivision | Congresses. |
| 9 (RLIN) | 72005 |
| 700 10 - ADDED ENTRY--PERSONAL NAME | |
| Personal name | Thomas, William Leroy, |
| Dates associated with a name | 1920- |
| 942 ## - ADDED ENTRY ELEMENTS (KOHA) | |
| Source of classification or shelving scheme | Dewey Decimal Classification |
| Koha item type | Books |
| Lost status | Source of classification or shelving scheme | Damaged status | Not for loan | Collection code | Permanent Location | Current Location | Shelving location | Date acquired | Source of acquisition | Cost, normal purchase price | Total Checkouts | Full call number | Date last seen | Copy number | Koha item type |
|---|---|---|---|---|---|---|---|---|---|---|---|---|---|---|---|
| Dewey Decimal Classification | Added to bundle | Non-fiction | Central Library, University of Rajshahi | Central Library, University of Rajshahi | Reading Room | 12/10/1957 | B.H. black well | 4.14 | 911 MAN 1956 | 10/03/2014 | C-1 | Books |